00828 2200277 4500001002100000005001500021007000300036008004100039020002200080035002000102082001100122084001700133100002600150245010300176250000900279260003300288300003400321500002800355650001200383700003100395990002500426990002500451990002500476990002500501990002400526INLIS00000000000250820260601054716ta260601 1  a978-979-29-6127-0 a0010-0220000359 a398.23 a398.23 WIN k0 aWinkanda Satria Putra1 aKumpulan Dongeng Negeri Nigeria :bDrum Ajaib /cWinkanda Satria Putra; Editor: Th. Arie Prabawati aEd.1 aYogyakarta :bRainbow,c2017 aiv, 77 hlm. :bilus. ;c23 cm aTentang Penulis, hlm 77 4aDongeng0 aEditor: Th. Arie Prabawati a31.285/APBD/DPK/2019 a31.286/APBD/DPK/2019 a31.287/APBD/DPK/2019 a31.288/APBD/DPK/2019 a33.598/DAK/DPK/2019